000 00476nam a2200217Ia 4500
001 092583
003 YMCAF
005 20230512161838.0
008 100717s2007 ||||||||||||||||| ||und|d
024 _a92583
035 _a32041
040 _aYMCAF
_beng
_cIN-KoLT
041 _aeng
082 _a006.74
_bPOW
100 _aPowell, Thomas
245 0 _aHTML and XHTML: the complete reference
250 _a4th
260 _bTMH
_c2007
300 _a944
942 _2ddc
_cBK
999 _c9835
_d9835